Historic churches (Record no. 115516)

MARC details
000 -LEADER
fixed length control field 01823cam a22004335a 4500
001 - CONTROL NUMBER
control field e158815
008 - FIXED-LENGTH DATA ELEMENTS--GENERAL INFORMATION
fixed length control field 100119s2009 xxko f 001 0 eng d
020 ## - INTERNATIONAL STANDARD BOOK NUMBER
International Standard Book Number 9781900915526
035 ## - SYSTEM CONTROL NUMBER
System control number (Sirsi) u158815
041 0# - LANGUAGE CODE
Language code of text/sound track or separate title eng
050 04 - LIBRARY OF CONGRESS CALL NUMBER
Classification number 690.241 $2 18
110 2# - MAIN ENTRY--CORPORATE NAME
Corporate name or jurisdiction name as entry element Cathedral Communications Limited
9 (RLIN) 3087
245 00 - TITLE STATEMENT
Title Historic churches
Remainder of title the conservation and repair of ecclesiastical buildings
250 ## - EDITION STATEMENT
Edition statement 16th ed.
260 ## - PUBLICATION, DISTRIBUTION, ETC.
Place of publication, distribution, etc. Tisbury
Name of publisher, distributor, etc. Cathedral Communications
Date of publication, distribution, etc. 2009
300 ## - PHYSICAL DESCRIPTION
Extent 56p.
Other physical details col. ill.
Dimensions 30cm.
490 #0 - SERIES STATEMENT
Series statement Building Conservation Directory Special Report
505 2# - FORMATTED CONTENTS NOTE
Formatted contents note The urban church-- Low carbon lighting of cathedrals -- Caring for our communities -- Church leadwork -- In the footsteps of Ar Powys -- Protection -- Informing the re-ordering debate -- Early joinery -- Environmental problems -- Holy Trinity -- Historic railings -- Shrinking the footprint -- Organ builders and restorers map -- Useful addresses -- Products and services -- Index of advertisers
520 ## - SUMMARY, ETC.
Summary, etc. Discusses issues, building techniques and materials relevant to the conservation and repair of churches. Includes a directory of useful organisations, products and services.
521 2# - TARGET AUDIENCE NOTE
Target audience note Advanced
590 ## - LOCAL NOTE (RLIN)
Local note KA
651 #4 - SUBJECT ADDED ENTRY--GEOGRAPHIC NAME
Geographic name United Kingdom
Chronological subdivision
690 ## - LOCAL SUBJECT ADDED ENTRY--TOPICAL TERM (OCLC, RLIN)
Topical term or geographic name as entry element BUILT ENVIRONMENT-BUILDING MAINTENANCE AND REFURBISHMENT-BUILDING RESTORATION
700 1# - ADDED ENTRY--PERSONAL NAME
Personal name Edwards, Andrew
700 1# - ADDED ENTRY--PERSONAL NAME
Personal name Morse, James
700 1# - ADDED ENTRY--PERSONAL NAME
Personal name Morrison, Ian
700 1# - ADDED ENTRY--PERSONAL NAME
Personal name Rumley, Peter T. J.
700 1# - ADDED ENTRY--PERSONAL NAME
Personal name Humphries, Lynne
700 1# - ADDED ENTRY--PERSONAL NAME
Personal name Morrice, Richard
700 1# - ADDED ENTRY--PERSONAL NAME
Personal name Tracy, Charles
700 1# - ADDED ENTRY--PERSONAL NAME
Personal name Stevenson, Neil
700 1# - ADDED ENTRY--PERSONAL NAME
Personal name Hutton, Tim
700 1# - ADDED ENTRY--PERSONAL NAME
Personal name Martin, Daniel
700 1# - ADDED ENTRY--PERSONAL NAME
Personal name Clare, Stephen
700 1# - ADDED ENTRY--PERSONAL NAME
Personal name Meehan, Peter
700 1# - ADDED ENTRY--PERSONAL NAME
Personal name Harden, Rachel
710 2# - ADDED ENTRY--CORPORATE NAME
Corporate name or jurisdiction name as entry element Building Conservation Directory
9 (RLIN) 3988
942 ## - ADDED ENTRY ELEMENTS (KOHA)
Suppress in OPAC 0
Holdings
Withdrawn status Lost status Source of classification or shelving scheme Damaged status Not for loan Home library Current library Shelving location Date acquired Total Checkouts Full call number Barcode Date last seen Copy number Price effective from Koha item type
    Dewey Decimal Classification     London London Folio 29/07/2015   F690.241 BUI 30078931 06/08/2019 1 06/08/2019 Book